Majorca sketchbook / (Record no. 108623)

MARC details
000 -LEADER
campo de control de longitud fija 00442nam a2200157 4500
001 - NÚMERO DE CONTROL
campo de control 108623
003 - IDENTIFICADOR DE NÚMERO DE CONTROL
campo de control ES-MaACL
005 - FECHA Y HORA DE LA ÚLTIMA TRANSACCIÓN
campo de control 20230906184656.0
007 - CAMPO FIJO DE DESCRIPCIÓN FÍSICA--INFORMACIÓN GENERAL
campo de control de longitud fija t|
008 - DATOS DE LONGITUD FIJA--INFORMACIÓN GENERAL
campo de control de longitud fija 061121s1955 xxu r ||||1| eng d
100 1# - ENTRADA PRINCIPAL--NOMBRE DE PERSONA
Nombre de persona Montgomery, Claude.
9 (RLIN) 82628
245 10 - MENCIÓN DEL TÍTULO
Título Majorca sketchbook /
Mención de responsabilidad, etc. Claude Montgomery.
260 ## - PUBLICACIÓN, DISTRIBUCIÓN, ETC.
Lugar de publicación, distribución, etc. Maine :
Nombre del editor, distribuidor, etc. [s.n.,
Fecha de publicación, distribución, etc. 1955?] (
Fabricante Palma : Muntaner)
300 ## - DESCRIPCIÓN FÍSICA
Extensión 60 p. :
Otras características físicas il ;
Dimensiones 22 cm.
852 ## - LOCALIZACIÓN
Ubicación ES-MaACL
Número de control de estantería C-10232
Sublocalización o colección R.37955
Holdings
Estatus retirado Estado de pérdida Estado de daño No para préstamo Biblioteca de origen Biblioteca actual Ubicación en estantería Fecha de adquisición Fuente de adquisición Total de préstamos Signatura topográfica completa Código de barras Visto por última vez Precio de reemplazo Tipo de ítem Koha
        Biblioteca del Ateneo de Madrid Biblioteca del Ateneo de Madrid Sala Palomar 17/01/2008     C-10232 1113342 23/02/2023 23/02/2023 Libro impreso